[Event "Cattolica Vergani Cup"]
[Site "Cattolica"]
[Date "2021.12.27"]
[Round "3"]
[White "Stancanelli, Valerio"]
[Black "Kliashtornyi, Arkadii"]
[Result "0-1"]
[WhiteElo "1946"]
[BlackElo "1672"]
[PlyCount "92"]
[EventDate "2021.12.26"]
[EventType "swiss"]
[EventRounds "9"]
[EventCountry "ITA"]
[SourceTitle "EXT 2023"]
[Source "ChessBase"]
[SourceDate "2022.10.05"]
[SourceVersion "1"]
[SourceVersionDate "2022.10.05"]
[SourceQuality "1"]

1. e4 e6 2. d4 d5 3. Nd2 c5 4. exd5 Qxd5 5. dxc5 Bxc5 6. Ngf3 Nf6 7. Bc4 Qd6 8. Qe2 0-0 9. 0-0 a6 10. a3 b5 11. Bd3 Bb7 12. c4 Rd8 13. Ne4 Nxe4 14. Bxe4 Bxe4 15. Qxe4 Qc6 16. Qh4 f6 17. b4 Bb6 18. c5 Bc7 19. Be3 e5 20. Rfd1 Nd7 21. Qg4 Nf8 22. Nh4 g6 23. Nf5 Qe6 24. Nh6+ Kg7 25. Qh4 Rxd1+ 26. Rxd1 Rd8 27. Rxd8 Bxd8 28. Qe4 f5 29. Qb7+ Qd7 30. c6 Qxb7 31. cxb7 Bc7 32. g4 f4 33. Bb6 Bb8 34. g5 Nd7 35. Bd8 e4 36. Ng4 Kf7 37. Nf6 Nxf6 38. gxf6 g5 39. Kg2 g4 40. h3 f3+ 41. Kh1 gxh3 42. Bb6 Kxf6 43. Bd8+ Ke6 44. Bh4 Kd7 45. Bg3 Bxg3 46. fxg3 Kc7 0-1

[Event "Cattolica Vergani Cup"]
[Site "Cattolica"]
[Date "2021.12.26"]
[Round "1"]
[White "Stancanelli, Valerio"]
[Black "Woelk, Tom Frederic"]
[Result "0-1"]
[WhiteElo "1946"]
[BlackElo "2310"]
[PlyCount "74"]
[EventDate "2021.12.26"]
[EventType "swiss"]
[EventRounds "9"]
[EventCountry "ITA"]
[SourceTitle "EXT 2023"]
[Source "ChessBase"]
[SourceDate "2022.10.05"]
[SourceVersion "1"]
[SourceVersionDate "2022.10.05"]
[SourceQuality "1"]

1. e4 c5 2. Nf3 e6 3. c3 Nf6 4. e5 Nd5 5. d4 cxd4 6. cxd4 b6 7. Nc3 Nxc3 8. bxc3 Qc7 9. Qb3 Bb7 10. Be2 Nc6 11. 0-0 Rc8 12. Bd2 d6 13. Bf4 Be7 14. exd6 Bxd6 15. Bxd6 Qxd6 16. Bb5 0-0 17. Rfc1 Na5 18. Qd1 Qf4 19. Ne5 Rc7 20. Rc2 Rfc8 21. Rac1 Qg5 22. g3 f6 23. f4 Qf5 24. Bd3 Be4 25. Bxe4 Qxe4 26. Qf3 Qd5 27. Qxd5 exd5 28. Nf3 Nc4 29. Re2 Nd6 30. Re6 Ne4 31. c4 Kf7 32. Rxe4 dxe4 33. Nd2 e3 34. Ne4 Rd8 35. d5 Rxd5 36. Rc3 Rd1+ 37. Kg2 e2 0-1